L'Obra de cultura / Generalitat de Catalunya
Descripción Física:
268 p., [21] làm., [1] map. pleg. ; 21 cm
MARC
| LEADER | 00000nam a2200000Ia 4500 | ||
|---|---|---|---|
| 001 | 611 | ||
| 008 | 160829s1932 xx 000 0 cat d | ||
| 080 | |a E-1-180 | ||
| 110 | 1 | |a Catalunya. |b Generalitat |9 12125 | |
| 245 | |a L'Obra de cultura / Generalitat de Catalunya | ||
| 260 | |a Barcelona : |b (Tip. Occitània), |c 1932 | ||
| 300 | |a 268 p., [21] làm., [1] map. pleg. ; |c 21 cm | ||
| 590 | |a Digitalitzades les pàgines: 119, 150, 198, i full plegat pàg. 257. | ||
| 590 | |a Hi ha un duplicat a: DUP-47, que prové de 4161, exp. 24 | ||
| 610 | 1 | 0 | |a Catalunya. |b Consell de Cultura |9 55593 |
| 650 | |a Universitat de Barcelona |x Estatuts |9 48505 | ||
| 650 | |a Catalunya |x Política lingüística |9 23187 | ||
| 651 | 0 | |a Catalunya |x Política cultural |9 53685 | |
| 651 | 0 | |a Catalunya |x Política educativa |9 56252 | |
| 856 | |u #M:\BibliotecaDigitalitzada\R00\R611.pdf | ||
| 901 | |a Arxiu | ||
| 942 | |n 1 | ||
| 952 | |0 0 |1 0 |4 0 |6 E1180 |7 1 |9 54607 |a Arxiu |b Arxiu |d 2016-12-01 |l 0 |o E-1-180 |p 611 |r 2016-12-01 00:00:00 |w 2016-12-01 |y ARXIU | ||
| 999 | |c 58476 |d 58476 | ||